Evénements du 4 octobre - Statistiques

Statistiques générales
  • Ce quiz a été pris 34 fois
  • Le résultat moyen est 10 sur 15
Statistiques - réponses
Hint Réponse % Correct
Le régime de Vichy interdit les grèves 1941
88%
Naissance de Louis X 1289
81%
Ouverture du procès de Pierre Laval et création de la Sécurité sociale 1945
81%
Lancement de Spoutnik 1 1957
81%
La Corse est totalement libérée par les Alliés 1943
73%
Alain Aspect prix Nobel de physique 2022
69%
Indépendance du Lesotho 1966
65%
2e référendum sur l'indépendance de la Nouvelle-Calédonie 2020
65%
Naissance de Buster Keaton 1895
62%
Déclaration d'indépendance de la Belgique 1830
54%
Début des travaux du métro de Paris 1898
54%
Naissance du peintre Lucas Cranach 1515
50%
Début de la guerre de Crimée 1853
46%
Naissance du peintre Jean-François Millet 1814
42%
Proclamation de la république du Mexique 1824
38%
Aucun quiz correspondant
Distribution des résultats
% des personnes avec chaque résultat
Percentile par nombre de réponses
Votre historique - résultats
Vous n’avez pas pris ce quiz